LEADER 04981 am 2200889 n 450 001 9910341155703321 005 20190708 010 $a979-1-03-510189-3 024 7 $a10.4000/books.psorbonne.33343 035 $a(CKB)4100000009365856 035 $a(FrMaCLE)OB-psorbonne-33343 035 $a(oapen)https://directory.doabooks.org/handle/20.500.12854/62162 035 $a(PPN)267968809 035 $a(EXLCZ)994100000009365856 100 $a20190918j|||||||| ||| 0 101 0 $afre 135 $auu||||||m|||| 181 $ctxt$2rdacontent 182 $cc$2rdamedia 183 $acr$2rdacarrier 200 14$aLes villes capitales au Moyen Âge $eXXXVIe Congrès de la SHMES (Istanbul, 1er-6 juin 2005) /$fSociété des historiens médiévistes de l'Enseignement supérieur public 210 $aParis $cÉditions de la Sorbonne$d2019 215 $a1 online resource (450 p.) 311 $a2-85944-562-5 330 $aUbi papa, ibi Roma : Rome peut bien n'être pas dans Rome puisque Rome est là où réside le pape. Cet adage du xiiie siècle exprime avec force le rapport d'identification entre la ville et le souverain, définissant la capitale par sa fonction de commandement politique. Mais elle s'applique à une capitale étrange au Moyen Âge, qui se rêvait caput mundi mais peinait à s'affirmer comme capitale régionale. Qu'est-ce donc qu'une ville capitale au Moyen Âge ? Au-delà des fausses évidences de la continuité millénaire de la centralisation parisienne et, dans une moindre mesure, londonienne, la question est bien plus complexe qu'il n'y paraît. Certes, le modèle romain de la capitale d'empire a pu se prolonger sous des formes diverses, avec Constantinople, Bagdad ou Le Caire. Mais lorsque les Carolingiens rétablissent l'empire en 800, ils ne retrouvent pas pour autant ce modèle de la capitale d'empire. Si l'on considère l'ensemble des expériences institutionnelles et territoriales de l'Occident médiéval, c'est bien la dispersion des fonctions capitales qui constitue la règle et leur concentration l'exception. En se tenant à Istanbul, à l'invitation de l'Institut français d'études anatoliennes, le xxxvie Congrès de la Société des historiens médiévistes de l'Enseignement supérieur public trouvait un cadre monumental et historique parfaitement adéquat à son objet d'étude, à mi-chemin entre plusieurs expériences politiques que les différentes contributions ici rassemblées entendent confronter, en longue durée. Car faire l'histoire des villes capitales revient à poser la question de la diversité des modèles d'émergence de l'État : les rapports entre le palais et la ville, mais aussi les phénomènes de déplacement du centre de gravité des constructions territoriales, d'abandon ou de reprise de capitales, dessinent plusieurs configurations de pouvoir. Essentielle est, de ce point de vue, la question des marqueurs symboliques : une ville réussit à convaincre qu'elle capitalise? 517 $avilles capitales au Moyen Âge 606 $aUrban Studies 606 $aHistory 606 $acivilisation médiévale 606 $acapitale 606 $aville capitale 606 $aEurope 606 $agéographie politique 606 $aconstruction territoriale 610 $acapitale 610 $aville capitale 610 $agéographie politique 610 $aconstruction territoriale 610 $acivilisation médiévale 610 $aEurope 615 4$aUrban Studies 615 4$aHistory 615 4$acivilisation médiévale 615 4$acapitale 615 4$aville capitale 615 4$aEurope 615 4$agéographie politique 615 4$aconstruction territoriale 700 $aBoucheron$b Patrick$0140238 701 $aBove$b Boris$01288505 701 $aCheynet$b Jean-Claude$0320640 701 $aCoumert$b Magali$0602436 701 $aDelobette$b Laurence$01239266 701 $aDenoix$b Sylvie$01295802 701 $aDepreux$b Philippe$01293646 701 $aEmecen$b Feridun M$01316157 701 $aFaugeron$b Fabien$0619830 701 $aGauvard$b Claude$0155109 701 $aGenet$b Jean-Philippe$0410963 701 $aGilli$b Patrick$0496820 701 $aGiros$b Christophe$01293700 701 $aGranier$b Thomas$01288873 701 $aKafescio?lu$b Çi?dem$0610400 701 $aKerhervé$b Jean$01235580 701 $aLe Jan$b Régine$01284354 701 $aLoiseau$b Julien$01295240 701 $aMenjot$b Denis$0163416 701 $aMonnet$b Pierre$0227921 701 $aMontaubin$b Pascal$01282535 701 $aSidéris$b Georges$01293704 701 $aSot$b Michel$0211748 701 $aSociété des historiens médiévistes de l'Enseignement supérieur public$01284359 801 0$bFR-FrMaCLE 906 $aBOOK 912 $a9910341155703321 996 $aLes villes capitales au Moyen Âge$93032610 997 $aUNINA LEADER 02634nam 2200625 450 001 9910818710503321 005 20230124193244.0 010 $a1-4422-4388-0 035 $a(CKB)3710000000450990 035 $a(EBL)2095582 035 $a(OCoLC)914166159 035 $a(SSID)ssj0001518705 035 $a(PQKBManifestationID)12634126 035 $a(PQKBTitleCode)TC0001518705 035 $a(PQKBWorkID)11511406 035 $a(PQKB)10937111 035 $a(MiAaPQ)EBC2095582 035 $a(EXLCZ)993710000000450990 100 $a20160822h20152015 uy 0 101 0 $aeng 135 $aur|n|---||||| 181 $ctxt 182 $cc 183 $acr 200 10$aData visualizations and infographics /$fSarah K. C. Mauldin 210 1$aLanham, Maryland :$cRowman & Littlefield,$d2015. 210 4$d©2015 215 $a1 online resource (135 p.) 225 1 $aLibrary Technology Essentials ;$vNumber 8 300 $aDescription based upon print version of record. 311 $a1-4422-4387-2 311 $a1-4422-4386-4 320 $aIncludes bibliographical references and index. 327 $aContents; Series Editor's Foreword; Preface; Acknowledgments; 1 An Introduction to Data Visualizations and Infographics; 2 Getting Started with Data Visualizations and Infographics; 3 Tools and Applications; 4 Library Examples and Case Studies; 5 Step-by-Step Library Projects for Data Visualizations and Infographics; 6 Tips and Tricks; 7 Future Trends; Recommended Reading; Index; About the Author 330 $aThis complete how-to guidebook provides you with the tools and inspiration you need to use infographics and data visualization techniques in your library to knock your audience's socks off as you tell your story in a visual format that can be consumed and understood at a glance. 410 0$aLibrary technology essentials ;$vNumber 8. 606 $aLibrary science$xGraphic methods 606 $aCharts, diagrams, etc$xDesign 606 $aCommunication in library science 606 $aVisual communication 606 $aInformation visualization 615 0$aLibrary science$xGraphic methods. 615 0$aCharts, diagrams, etc.$xDesign. 615 0$aCommunication in library science. 615 0$aVisual communication. 615 0$aInformation visualization. 676 $a020.22/2 700 $aMauldin$b Sarah K. C.$f1977-$01651637 801 0$bMiAaPQ 801 1$bMiAaPQ 801 2$bMiAaPQ 906 $aBOOK 912 $a9910818710503321 996 $aData visualizations and infographics$94001698 997 $aUNINA